000 00824nam a2200265 a 4500
001 BRL_587
005 20190320210819.0
008 060913s1948----nyua######---#000-0#eng-#
041 _aeng
044 _anyu
050 4 _aDS126.4
_b.S76 1948
100 1 _aStone, I. F.
_d1907-1989
_924361
245 1 0 _aThis is Israel
_cby I.F. Stone ; foreword by Bartley C. Crum ; photographs by Robert Capa , Jerry Cooke and Tim Gidal.
260 _aNew York
_bBoni and Gaer
_c1948
300 _a128 p.
_bil.
_c29 cm.
500 _aAu627
651 4 _aPalestina
_xPolítica y gobierno
_924362
651 4 _aPalestina
_xDescripción y viajes
_924363
700 1 _aCrum, Bartley C.
_epról.
_924364
700 1 _aCapa, Robert
_924365
700 1 _aCooke, Jerry
_924366
700 1 _aGidal, Tim
_924367
902 _aGRL
942 _2lcc
_cB
999 _c9399
_d9399